LEADER 01097nam0-2200385---450- 001 990000578810403321 005 20061107104023.0 010 $a0-582-44915-4 035 $a000057881 035 $aFED01000057881 035 $a(Aleph)000057881FED01 035 $a000057881 100 $a20020821d1963----km-y0itay50------ba 101 0 $aeng 102 $aGB 105 $aa-------001yy 200 1 $aAdvanced mechanics of materials$ein four parts$fHugh Ford$gpart 4. with the collaboration of J. M. Alexander 210 $aLondon$cLongmans$d1963 215 $aVIII, 672 p.$cill.$d26 cm 610 0 $aTeorie dell'elasticità e della plasticità 610 0 $aMeccanica dei continui 610 0 $aReologia 610 0 $aViscosità 676 $a531.382 700 1$aFord,$bHugh$030735 702 1$aAlexander,$bJohn Malcom 801 0$aIT$bUNINA$gRICA$2UNIMARC 901 $aBK 912 $a990000578810403321 952 $a07 C-24$fDINSC 952 $aA 121$b783$fDINPA 959 $aDINSC 959 $aDINPA 996 $aAdvanced mechanics of materials$9319159 997 $aUNINA LEADER 01003nam0-22003131--450- 001 990008515370403321 005 20070524094708.0 035 $a000851537 035 $aFED01000851537 035 $a(Aleph)000851537FED01 035 $a000851537 100 $a20070524d1984----km-y0itay50------ba 101 0 $aita 102 $aIT 105 $ay-------001yy 200 1 $aCinque secoli , un archivio$emostra documentaria$eFoggia, 15-31 ottobre 1984, Palazzo Dogana$fArchivio di Stato di Foggia 210 $a[S. l$cs. n.]$d1984$eFoggia$gGrafsud 215 $a173 p., [13] c. di tav.$cill$d24 cm 300 $aCatalogo 300 $aNell'occhietto: Settimana internazionale degli archivi, 15-21 ottobre 1984. [[I 676 $a945.757$v11$zita 710 02$aArchivio di Stato di Foggia$0289293 801 0$aIT$bUNINA$gRICA$2UNIMARC 901 $aBK 912 $a990008515370403321 952 $aSDI-NV 46$b441$fSDI 959 $aSDI 996 $aCinque secoli , un archivio$9732660 997 $aUNINA